Polémica arqueológica a propósito de una Granja de Sangüesa / (Record no. 88468)

MARC details
000 -LEADER
campo de control de longitud fija 00916nam a2200241 i 4500
001 - NÚMERO DE CONTROL
campo de control 88468
003 - IDENTIFICADOR DE NÚMERO DE CONTROL
campo de control ES-MaACL
005 - FECHA Y HORA DE LA ÚLTIMA TRANSACCIÓN
campo de control 20251001142437.0
007 - CAMPO FIJO DE DESCRIPCIÓN FÍSICA--INFORMACIÓN GENERAL
campo de control de longitud fija t|
008 - DATOS DE LONGITUD FIJA--INFORMACIÓN GENERAL
campo de control de longitud fija 050104s1911 sp |||| | spa d
080 ## - NÚMERO DE LA CLASIFICACIÓN DECIMAL UNIVERSAL
Número de la Clasificación Decimal Universal 904(465.1 Sangüesa)
100 1# - ENTRADA PRINCIPAL--NOMBRE DE PERSONA
Nombre de persona Ansoleaga, Florencio de.
9 (RLIN) 21845
245 10 - MENCIÓN DEL TÍTULO
Título Polémica arqueológica a propósito de una Granja de Sangüesa /
Mención de responsabilidad, etc. [Florencio de Ansoleaga, Vicente Lampérez y Romea].
260 ## - PUBLICACIÓN, DISTRIBUCIÓN, ETC.
Lugar de publicación, distribución, etc. Pamplona :
Nombre del editor, distribuidor, etc. [s.n.],
Fecha de publicación, distribución, etc. 1911 (
Fabricante Imp., Lib. y Enc. de Nemesio Aramburu)
300 ## - DESCRIPCIÓN FÍSICA
Extensión 36 p. ;
Dimensiones 22 cm.
530 ## - NOTA DISPONIBLE DE FORMULARIO FÍSICO ADICIONAL
Nota de formato físico adicional disponible Disponible en formato digital.
651 #4 - PUNTO DE ACCESO ADICIONAL DE MATERIA--NOMBRE GEOGRÁFICO
Nombre geográfico Sangüesa-
Subdivisión general Restos arqueológicos.
9 (RLIN) 9362
700 1# - ENTRADA AGREGADA--NOMBRE PERSONAL
Nombre de persona Lampérez y Romea, Vicente,
Fechas asociadas al nombre 1861-1923
9 (RLIN) 128639
852 ## - LOCALIZACIÓN
Ubicación ES-MaACL
Número de control de estantería 2203-F-6
Ubicación en estantería Depósito folletos
Nota libre Revisado enlace: 2 de junio de 2025
857 4# - LOCALIZACIÓN Y ACCESO ELECTRÓNICOS_2
Identificador Uniforme de Recursos <a href="https://binadi.navarra.es/registro/00008222">https://binadi.navarra.es/registro/00008222</a>
Texto de enlace Acceso online
942 ## - ELEMENTOS DE ENTRADA SECUNDARIOS (KOHA)
Fuente del sistema de clasificación o colocación Clasificación decimal universal
Holdings
Estatus retirado Estado de pérdida Fuente del sistema de clasificación o colocación Estado de daño No para préstamo Colección Biblioteca de origen Biblioteca actual Ubicación en estantería Fecha de adquisición Total de préstamos Signatura topográfica completa Código de barras Visto por última vez Precio de reemplazo Tipo de ítem Koha
    Clasificación decimal universal     Colección de folletos Biblioteca del Ateneo de Madrid Biblioteca del Ateneo de Madrid Depósito folletos 17/01/2008   2203-F-6 1092412 23/02/2023 23/02/2023 Folleto